01667cam a2200361 a 450000500170000000800410001702000180005804000350007604100080011104400070011908200190012624501870014526001340033230000730046650400420053965000250058165000340060665000550064070000390069570000300073470000370076470000360080170000430083770000350088070000280091570000450094370000500098870000470103870000440108570000470112970000420117671000870121820171005020002.0090721s2009 ck abdo r 000 0 spa d a9789587162431 aCO-BoPUJcCO-BoIAVHdCO-BoIAVH0 aspa ack04a333.9516bR37r10aRestauración ecológica de áreas degradadas por minería a cielo abierto en ColombiacMauricio Aguilar Garavito...[et al.] ; editores José Ignacio Barrera Cataño...[et al.] aBogotá (Colombia) :bPontificia Universidad Javeriana :bEscuela de Restauración Ecológica :bICETEX :bIINGEOMINAS,c2009. a297 páginas :bilustraciones, fotos, mapas y tablas ;c24 x 17 cm. aIncluye referencias bibliográficas.14aEcologíazColombia24aGestión ambientalzColombia24aConservación de los recursos naturaleszColombia1 aAguilar Garavito, Darío Mauricio1 aÁlvarez Duarte, Adriana1 aArias Escobar, María Alejandra1 aCampos Pinilla, María Claudia1 aGranados Hernández, Alexandra Milena1 aMiranda Mojica, Beatriz Teresa1 aMontes Giraldo, Natalia1 aBarrera Cataño, José IgnacioeEditor1 aContreras Rodríguez, Sandra MilenaeEditora1 aOchoa Carreño, Adriana CristinaeEditora1 aPerilla Castro, Sonia CarolinaeEditora1 aGarzón Yepes, Natasha ValentinaeEditora1 aRondón Camacho, Diana CatalinaeEd.2 aPontificia Universidad JaverianabFacultad de CienciasbDepartamento de Biología